Toutes les gares ferroviaires du Lot - Statistiques

Statistiques générales
  • Ce quiz a été pris 9 fois
  • Le résultat moyen est 7 sur 18
Statistiques - réponses
Fréquentation annuelle Nom de la gare % Correct
520 552 Cahors
88%
214 108 Figeac
88%
165 469 Gourdon
75%
179 170 Souillac
75%
23 867 Gramat
63%
172 Bétaille
38%
26 886 Bretenoux - Biars
38%
1 057 Laval-de-Cère
38%
2 053 Puybrun
38%
413 Vayrac
38%
14 255 Assier
25%
580 Dégagnac
25%
11 396 Rocamadour - Padirac
25%
25 700 Saint-Denis-lès-Martel
25%
1 442 Gignac - Cressensac
13%
37 623 Lalbenque - Fontanes
13%
5 116 Les Quatre-Routes-du-Lot
13%
5 403 Bagnac-sur-Célé
0%
Aucun quiz correspondant
Distribution des résultats
% des personnes avec chaque résultat
Percentile par nombre de réponses
Votre historique - résultats
Vous n’avez pas pris ce quiz